00413nam a2200145Ia 45000010006000000050017000060080041000230410008000640820017000721000025000892450109001143000028002236500008002516540008002591887620260306171703.0260306s9999||||xx |||||||||||||| ||und|| aESP a658.514bY28 aYáñez, FraneAUT 0aLa meta es la industria 4.0:bdescubre la tecnología que hace posible la nueva revolución industrial a121 páginas :c24 cm. aGEN aCAN